Star Wars Planets and Moons by Movie - Solo - Statistics

General Stats
  • This quiz has been taken 52 times
  • The average score is 2 of 6
Answer Stats
Answer % Correct
Corellia
92%
Kessel
81%
Mimban
36%
Savareen
19%
Vandor-1
17%
Dathomir
3%
No matching quizzes found
Score Distribution
Percent of People with Each Score
Percentile by Number Answered
Your Score History
You have not taken this quiz